[Event "WM 2008"]
[Site "Bonn"]
[Date "2008.10.26"]
[Round "9"]
[White "Anand, Viswanathan"]
[Black "Kramnik, Vladimir"]
[Result "1/2-1/2"]
[WhiteElo "2783"]
[BlackElo "2772"]
[Annotator "Rogozenko"]
[PlyCount "90"]
[EventDate "2008.10.15"]

{Der Weltmeister gibt sich keine Blösse: Trotz Zeitnot bleibt Viswanathan
Anand gegen Vladimir Kramnik konzentriert und braucht nun nur noch einen
halben Punkt zur Titelverteidigung.} 1. d4 d5 2. c4 e6 3. Nf3 Nf6 4. Nc3 c6 {
Kramnik hat einschliesslich dieser Partie nur noch vier Partien Zeit, seinen 0:
3-Rückstand aufzuholen. Die Wahl des Halbslawischen Damengambits ist eine
Kampfansage.} 5. Bg5 (5. e3 Nbd7 6. Bd3 dxc4 7. Bxc4 b5 8. Bd3 {hätte zur
Meraner Variante geführt, mit der Anand in der 3. und 5. Partie erfolgreich
war.}) 5... h6 {Dieser Zug kennzeichnet die Moskauer Variante. Wenn Weiss auf
f6 nimmt, entsteht eine ruhigere Partie, in der Weiss für die Aufgabe des
Läuferpaares Raumvorteil erhält.} 6. Bh4 {Anand nimmt den Fehdehandschuh auf
und wählt die schärfste Antwort, die so genannte Anti-Moskauer Variante.
Vielleicht wollte der Inder heute den Wettkampf beenden?} dxc4 7. e4 g5 8. Bg3
b5 {Nun hat Schwarz einen Bauern gewonnen, seine Position mit den
Bauernvorstössen b7-b5 und g7-g5 allerdings etwas entblösst. Ausserdem hat
Weiss Entwicklungsvorteil: er hat schon drei Figuren im Spiel, Schwarz erst
eine.} 9. Be2 Bb7 {Anand kennt diese Variante gut. Bisher hat er sie aber
immer mit den schwarzen Steinen gespielt.} 10. Qc2 Nbd7 11. Rd1 Bb4 12. Ne5 Qe7
{Eine neue Idee von Kramnik. In Vorgängerpartien wurde Tg8 oder Sxe5 gespielt.}
13. O-O Nxe5 14. Bxe5 O-O 15. Bxf6 {Weiss will die Abwesenheit des schwarzen
schwarzfeldigen Läufers ausnutzen und später mit e4-e5 und Sc3-e4 im Zentrum
aktiv werden.} Qxf6 16. f4 Qg7 {Der Zug 16...gxf4 wäre stattdessen unlogisch.
Die schwarze Bauernstruktur verschlechtert sich und Weiss gewinnt den Bauern
schnell mit Vorteil zurück.} 17. e5 {Nun droht stark Sc3-e4, gefolgt von fxg5
und Sf6. Der weisse Turm würde dann mit Tf3-h3 entscheidend am Königsflügel
eingreifen. Schwarz muss etwas unternehmen.} c5 {Nach langem Nachdenken
gespielt. Kramnik opfert einen Bauern, bringt aber den Läufer auf b7 ins Spiel.
} 18. Nxb5 cxd4 19. Qxc4 a5 {Anand vertiefte sich nach dem Partiezug erneut in
die Stellung und lag hier mit 20 Minuten weniger auf der Uhr im Rückstand.
Kramnik drohte mit gxf4 oder Tac8, gefolgt von Lc5, falls Weiss den Bauern auf
d4 nähme.} 20. Kh1 Rac8 21. Qxd4 {Beide Spieler hatten jetzt nur noch etwa 25
Minuten auf der Uhr. Die nächsten Züge geschahen sehr schnell, um Zeit zu
gewinnen.} gxf4 22. Bf3 {Das Matt auf g2 musste pariert werden.} Ba6 23. a4 (
23. Qb6 Bxb5 24. Qxb5 Rc5 25. Qa4 Rxe5 26. a3 Bc5 27. Qxf4 {und das Remis ist
nicht mehr weit.}) 23... Rc5 24. Qxf4 Rxe5 25. b3 {Anand bietet den Sb5 zum
Tausch, obwohl er dabei einen Bauern verliert. Nach dem Tausch bleiben aber
ungleichfarbige Läufer auf dem Brett, ein Faktor, der die Remischancen erhöht.}
Bxb5 26. axb5 Rxb5 27. Be4 Bc3 28. Bc2 Be5 {Kramnik will auf der Diagonalen
b8-h2 angreifen und gruppiert um.} 29. Qf2 Bb8 30. Qf3 Rc5 31. Bd3 Rc3 32. g3
Kh8 (32... Qg5 $4 33. Bh7+ Kxh7 34. Qxc3) 33. Qb7 f5 34. Qb6 Qe5 {Eine
kritische Stellung, die beide Spieler mit nur noch wenig Restbedenkzeit
spielen mussten.} 35. Qb7 Qc7 (35... Bc7 $5) 36. Qxc7 Bxc7 37. Bc4 Re8 {Sofort
37...a4 kam in Betracht. Auch dann endet die Partie bei genauem Spiel wohl
remis.} 38. Rd7 a4 {Kramnik verwickelt kurz vor der Zeitkontrolle noch einmal,
aber Anand bleibt auf der Höhe des Geschehens.} (38... Bb8 $2 39. Rfd1 a4 40.
Rd8 {und Weiss gewinnt}) 39. Rxc7 (39. Ra1 axb3 40. Bxb3 Bb8 41. Rb7 $11) 39...
axb3 40. Rf2 Rb8 41. Rb2 h5 42. Kg2 h4 43. Rc6 hxg3 44. hxg3 Rg8 45. Rxe6 Rxc4
{Nun ist die Partie völlig ausgeglichen. Kramnik bot daher Remis an. -    
Analysen: Dorian Rogozenko auf SpiegelOnline} 1/2-1/2

[Event "WM 2008"]
[Site "Bonn"]
[Date "2008.10.27"]
[Round "10"]
[White "Kramnik, Vladimir"]
[Black "Anand, Viswanathan"]
[Result "1-0"]
[WhiteElo "2772"]
[BlackElo "2783"]
[Annotator "Rogozenko"]
[PlyCount "57"]
[EventDate "2008.10.15"]

{Entscheidung vertagt: Vladimir Kramnik gelang gegen Viswanathan Anand bei der
Schach-Weltmeisterschaft in Bonn der erste Sieg.} 1. d4 Nf6 2. c4 e6 3. Nc3 Bb4
4. Nf3 c5 5. g3 {Dieses System gegen den Nimzo-Inder wurde auf hohem Niveau
populär, nachdem Kasparow es beim zweiten Weltmeisterschaftskampf gegen Karpow
(Moskau 1985) mit Erfolg anwandte. Weiss möchte seine Figuren schnell
entwickeln und später Druck auf den gegnerischen Damenflügel ausüben. War der
Zug beim Wettkampf zwischen Kasparow und Karpow noch relativ unerforscht, so
hat sich die Theorie dieser Variante in den letzten 20 Jahren so rasant
entwickelt, dass manche Varianten bis ins Endspiel analysiert sind. Das
augenblickliche Urteil der modernen Theorie lautet: 5.g3 führt oft zu massivem
Figurentausch und verspricht Weiss keinen Eröffnungsvorteil.} cxd4 6. Nxd4 O-O
{Anand wählt die Hauptvariante. Die verdoppelten und isolierten Bauern nach 6..
.Lxc3+ 7.bxc3 fürchtet Weiss nicht, denn diese positionelle Schwächung wird
durch dynamische Faktoren aufgewogen: der weisse Turm auf b1 und der Läufer g2
werden bald starken Druck auf die schwarze Stellung ausüben. Und das ist genau
das, was sich Weiss in diesem Eröffnungssystem wünscht.} 7. Bg2 d5 {Schwarz
nutzt den Umstand, dass der Springer c3 noch gefesselt ist, um den Vorstoss
d7-d5 durchzusetzen. Dieser Zug ist wichtig, denn ohne d7-d5 kann Schwarz die
Stellung nicht vereinfachen und er bleibt weiter unter Druck.} (7... Nc6 8. O-O
d5 $2 9. cxd5 Nxd5 10. Nxd5 exd5 {und Schwarz hat einen schwachen Bauern auf d5
}) 8. cxd5 Nxd5 9. Qb3 Qa5 10. Bd2 Nc6 11. Nxc6 bxc6 12. O-O Bxc3 13. bxc3 Ba6
{All diese Züge sind gut bekannt und in der Praxis schon oft gespielt worden.
Um den Vorteil seines Läuferpaars auszunutzen, muss Weiss den gegnerischen
Springer von d5 vertreiben. Ideal dazu geeignet wäre der Vormarsch c3-c4, aber
im Moment ist der Bauer c3 noch gefesselt und später wird Schwarz das Feld c4
gut kontrollieren. Und wenn Weiss den Vorstoß e2-e4 anstrebt, dann versperrt
der auf e4 auftauchende Bauer dem Läufer g2 die Diagonale. Anand hatte
offenbar Vertrauen in die schwarze Stellung, denn er hat die ganze Variante
schon früher gespielt und augenscheinlich keine Angst vor einer vorbereiteten
Verbesserung von Kramnik gehabt.} 14. Rfd1 {Ein schöner Zug, der die Bauern c3
und e2 entfesselt.} Qc5 {Wie bereits erwähnt, ist es für Schwarz wichtig, das
Feld c4 zu kontrollieren.} (14... Bxe2 15. c4 Bxd1 16. Rxd1 Qb6 17. cxd5 Qxb3
18. axb3 cxd5 {führt zu einer Stellung, in der die zwei weissen Läufer stärker
als Turm und zwei Bauern des Schwarzen sind.}) (14... Rab8 15. c4 Qc5 16. cxd5
Rxb3 17. axb3 Bxe2 18. Re1 Bb5 19. dxc6 Bxc6 20. Rac1 Qd6 21. Bf4 {mit
Gewinnstellung für Weiss}) 15. e4 Bc4 (15... Nb6 16. Be3 Qh5 17. Bxb6 {Weiss
hat die besseren Aussichten}) 16. Qa4 Nb6 17. Qb4 Qh5 18. Re1 $146 {Das ist
die Neuerung. Weiss wird später entscheiden, wo er seinen schwarzfeldrigen
Läufer hinstellt. Zuvor entfernt Kramnik den Turm von d1, damit Schwarz nicht
Lc4-e2 mit Tempogewinn spielen kann.} (18. Be3 Be2 19. Rd2 Rab8 20. Bxb6 axb6
21. Qd6 Bf3 22. Qxc6 {Kasparow - Anand, 2000, Remis}) 18... c5 19. Qa5 Rfc8 {
Wenn Schwarz seine Türme nicht auf die offenen Linien stellen kann und solche
Verteidigungszüge machen muss, dann ist klar, dass Weiss besser steht. Zwar
ist der weisse Vorteil noch klein, doch die Stellung kommt Kramniks Spielweise
sehr entgegen - Schwarz hat kein Gegenspiel, während Weiss seine Stellung
langsam verbessern kann. Kramniks Plan besteht darin, zunächst alle seine
Figuren optimal aufzustellen und die schwachen Bauern auf a7 und c5
anzugreifen, um dann mit dem Vormarsch des a-Bauern die gegnerische Stellung
auszuhebeln.} 20. Be3 Be2 21. Bf4 e5 22. Be3 {Schwarz räumt das Feld c4 für
seinen Springer.} (22. Bxe5 Qxe5 23. Rxe2 Nc4 24. Qa6 Qxc3 25. Rb1 Rcb8 {mit
Ausgleich}) 22... Bg4 {Das folgende Manöver Le2-g4-e6 (der Läufer stand auf c4
eindeutig besser!) zeigt nur, dass die hohe Spannung solcher
Weltmeisterschaftskämpfe auch an Anand nicht spurlos vorüber geht.} (22... Nc4
23. Qa6 Nxe3 24. Rxe2 Nxg2 25. Kxg2 Qg5 {Und Schwarz sollte ohne grosse
Probleme Remis halten können.}) (22... f6 23. h3 Bd3 24. Bxc5 Nc4 25. Qb5 Qf7 {
die aktiven schwarzen Figuren kompensieren den Minusbauern.}) 23. Qa6 {Kramnik
nutzt den Fehler seines Gegners sofort aus - jetzt kontrolliert die weisse
Dame die wichtige Diagonale a6-f1 und der schwarze Springer kann nicht mehr
nach c4. Weiss hat klaren Vorteil.} f6 24. a4 {Wenn Weiss den Vorstoss a4-a5
durchsetzt und sich der schwarze Springer passiv zurückziehen muss (z.B. nach
d7), dann kann Schwarz seine schwachen Bauern auf Dauer nicht halten, da Weiss
mit Ta1-b1-b7 entscheidend in die schwarze Stellung eindringt. Deswegen muss
Schwarz versuchen, a4-a5 mit Sc4 zu beantworten.} Qf7 25. Bf1 {Also erneuert
Kramnik die positionelle Drohung 26.a5.} Be6 26. Rab1 {Ein starker Zug, der
erneut den Vormarsch des a-Bauern vorbereitet. Die schwarze Stellung ist
kritisch. Sofort 26.a5 Sc4 bringt Weiss nichts ein.} c4 27. a5 Na4 28. Rb7 Qe8
29. Qd6 {Weiss droht 30.Te7 mit Figurengewinn. Die schwarze Stellung ist
vollkommen hoffnungslos - deshalb gab Anand auf.    Analysen: Dorian Rogozenko
auf SpiegelOnline} 1-0

[Event "WM 2008"]
[Site "Bonn"]
[Date "2008.10.29"]
[Round "11"]
[White "Anand, Viswanathan"]
[Black "Kramnik, Vladimir"]
[Result "1/2-1/2"]
[WhiteElo "2783"]
[BlackElo "2772"]
[Annotator "Rogozenko"]
[PlyCount "48"]
[EventDate "2008.10.15"]

{Alle hatten auf diese Eröffnung gewartet - Anands Lieblingszug e4. Nun war es
endlich soweit. Nach einem Remis sicherte sich der Inder gegen Wladimir
Kramnik am Ende erneut den WM-Titel im Schach.} 1. e4 {Endlich eröffnet Anand
mit seinem Lieblingszug - zum ersten Mal in diesem Wettkampf.} c5 {Kramniks
Haupteröffnung gegen 1.e4 - die Russische Verteidigung - passt nicht zu dieser
Partie, denn dort kann Weiss relativ leicht Remis machen. In dieser Partie
musste der Herausforderer eine kämpferische Eröffnung finden.} 2. Nf3 d6 3. d4
cxd4 4. Nxd4 Nf6 5. Nc3 a6 {Die Najdorf-Variante im Sizilianer war auch
Kasparows Lieblingswaffe gegen 1.e4.   Mit 5...a6 deckt Schwarz das Feld b5
und sichert seiner Dame das Feld c7 (sonst muss Schwarz immer mit Sdb5 rechnen)
.} 6. Bg5 {Vor etwa 30 Jahren war dieser Zug die Hauptfortsetzung, inzwischen
ist 6.Le3 (was Anand auch gerne spielt) viel populärer geworden.
Offensichtlich hofft Anand, dass er die Feinheiten des etwas altmodischen 6.
Lg5 besser kennt als Kramnik, der in diesen Varianten deutlich weniger
Erfahrung hat.} e6 7. f4 Qc7 {Zwei der grössten ehemaligen Weltmeister - Bobby
Fischer und Garry Kasparow - haben hier gerne 7...Db6 gespielt, um den Bauer
b2 anzugreifen. Der Nachteil von 7...Db6 besteht darin, dass Weiss in
bestimmten Varianten Remis durch Zugwiederholung forcieren kann. Nach 7...Dc7
ist das nicht möglich. Übrigens hat Anand vor elf Jahren selbst schon einmal 7.
..Dc7 gespielt.} 8. Bxf6 gxf6 9. f5 {Mit diesem Vorstoss möchte Weiss seinen
Gegner zwingen, auf f5 zu nehmen oder e6-e5 zu ziehen. Beide Züge schwächen
das Feld d5 und Schwarz sollte sie, wenn möglich, vermeiden.} Qc5 {Da die
schwarze Bauernstruktur am Königs- und am Damenflügel geschwächt ist, bleibt
der schwarze König in diesen Stellungen oft lange im Zentrum, wo er sich
hinter den Bauern d6, e6 und f6 verstecken kann. Allerdings ist der König im
Zentrum fast immer angreifbar, vor allem, wenn viele Figuren auf dem Brett
stehen. Mit der Aktivierung seiner Dame hofft Kramnik auf baldigen Damentausch.
} 10. Qd3 {Nach 10.Sb3 De3+ erreicht Schwarz sein Ziel, denn dann muss Weiss
die aktive gegnerische Dame mit 11.De2 tauschen und steht Schwarz bereits
etwas besser.} Nc6 11. Nb3 Qe5 12. O-O-O exf5 {Ein neuer und provokanter Zug.
In den wenigen Partien, in denen diese Stellung erreicht wurde, spielte
Schwarz bislang immer 12...Ld7, was die lange Rochade vorbereitet. Kramniks
Zug sieht extrem riskant aus, denn er schwächt, wie oben erwähnt, die schwarze
Bauerstruktur und Schwarz verliert die Kontrolle über das wichtige Feld d5.
Der Bauerngewinn spielt in solchen Situationen keine grosse Rolle.} 13. Qe3 {
Mit diesem Zug vermeidet Anand ein Schach auf der Diagonalen c1-h6, macht
seinem Läufer dem Weg frei und öffnet die d-Linie für seinen Turm auf d1. Aber
trotz all dieser Vorteile wirkt die Dame auf e3 doch etwas unnatürlich, da der
weisse König noch auf c1 steht (im Unterschied zum Computer hat ein Mensch
fast immer Angst vor einer möglichen Fesselung der weissen Dame auf die
Diagonale c1-h6). Die meisten Grossmeister hätten 13.Kb1 bevorzugt, was
ebenfalls gut genug für Weiss aussieht. Wahrscheinlich wollte Anand einer
möglichen Vorbereitung Kramniks ausweichen.} Bg7 {Möglicherweise kam Kramnik
zu dem Schluss, dass die geschwächte schwarze Stellung in Wirklichkeit gar
nicht so schlecht ist und Verteidigungs- und Gegenspielressourcen enthält.
Trotzdem hat Schwarz weiterhin ein Hauptproblem: Was macht er mit seinem
König? Wo findet er einen sicheren Platz für ihn? Nach 12...Lxf5 steht er im
Zentrum nicht mehr sicher.} (13... h5 $6 14. Kb1 Bh6 15. Qf2 {kann nicht gut
für Schwarz sein - mit 13...h5 hat er seinen Königsflügel weiter geschwächt
und dadurch ist die kurze Rochade keine besonders attraktive Option.}) 14. Rd5
Qe7 15. Qg3 Rg8 {Schwarz droht 16...Lh6+ mit Damengewinn.} 16. Qf4 (16. Qxd6 $2
fxe4 17. Qxe7+ Nxe7 {nebst 18...f5 verbessert Schwarz seine Struktur im
Zentrum und behält seinen Mehrbauern - und das sichert ihm ohne die Damen auf
dem Brett deutlichen Vorteil.}) 16... fxe4 (16... Be6 17. Rd1 fxe4 18. Nxe4 Kf8
{ist die Stellung komplizierter als in der Partie und deswegen boten sowohl 16.
.Le6 als auch 17...Le6 (anstelle des Partiezugs 17...f5) grössere praktische
Chancen.}) 17. Nxe4 f5 18. Nxd6+ Kf8 19. Nxc8 {Anand beweist seine flexible
Denkweise: Nachdem Weiss klare strategische Vorteile erreicht hat, fängt er an,
die Stellung zu vereinfachen. Wahrscheinlich hat Kramnik diesen Abtausch
unterschätzt, als er sich für 17...f5 entschied. Schwarz hat jetzt kaum noch
Möglichkeiten, einen Angriff gegen den weissen König zu inszenieren.} Rxc8 20.
Kb1 {Weiss braucht nur noch ein bis zwei Züge, um die Entwicklung
abzuschliessen und seine Figuren perfekt zu koordinieren. Mittlerweile hat
Anand auch nichts mehr gegen den Damentausch, denn im Endspiel steht Weiss
wegen seiner besseren Bauernstruktur überlegen. Das Problem für Schwarz sind
aber nicht nur seine Doppelbauern, sondern auch die mangelnde Koordination
seiner Figuren. Denn obwohl der schwarze König sich auf f8 ganz gut versteckt
hat, braucht der Turm von g8 viel Zeit, um ins Spiel zu kommen.} Qe1+ (20...
Nb4 $4 21. Rxf5 Nxc2 22. Bc4 $3 {mit Doppelangriff auf f7 und c2.}) 21. Nc1 {
Noch stärker als 21.Dc1, was ebenfalls zu weissem Vorteil führt.} Ne7 (21...
Qb4 22. Nd3 Qxf4 23. Nxf4 {hätte wenig geändert - auch hier muss Schwarz um
Remis kämpfen.}) 22. Qd2 {Es droht Matt auf d8, also muss Schwarz die Damen
tauschen.} Qxd2 23. Rxd2 Bh6 24. Rf2 Be3 {Jetzt konnte Anand 25.Tf3 spielen,
was ihm dauerhaften Vorteil sichert, zum Beispiel nach 25...f4 26.g3 oder
zuerst 26.Sd3 gefolgt von 27.g3. Wenn man solche Stellungen mit Schwarz
gewinnen will, dann kann man eigentlich nur auf Fehler des Gegners hoffen,
denn Weiss hat keine einzige Schwäche. Kramnik gab hier jedoch seine
Hoffnungen auf und bot Remis an, was Anand natürlich gerne annahm. Denn damit
war der Wettkampf zu Ende, Anand hatte 6,5-4,5 gewonnen und seinen
Weltmeistertitel erfolgreich verteidigt.    Analysen: Dorian Rogozenko auf
SpiegelOnline} 1/2-1/2